00530 a2200109 4500040000800000082002600008100006000034245014800094942001000242999001700252952015100269 cDDC a333 FAO 2019 A042 Or. aFood and Agriculture Organization of the United Nations aForest futures: sustainable pathways for forests, landscapes and people in the Asia-Pacific region Asia-Pacific forest sector outlook study III cAEDBB c21017d21017 0010406333_000000000000000_FAO_2019_A042_OR70992709aLBAbLBAcA042d2023-02-02o333 FAO 2019 A042 Or.pa071345r2023-02-02w2023-02-02yAEDBB